000 00616cam a22002411a 4500
999 _c27524
_d27524
001 YPZ98099
003 YPZ
005 20230411140300.0
008 130830|###########||||||b||||||||||spa|d
020 _a9789879899076
040 _cSIUNPA
041 _aspa
044 _aag
080 _a622 M538m
100 _aMéndez, Vicente.
245 _aMinería
_c/ Vicente Méndez ... [et al.]
260 _aBuenos Aires
_b : Asociación Argentina de Geólogos Economistas
_c , [2011]
300 _a395 p. :
_bil.
650 _a MINERIA
650 _a ARGENTINA
700 _aColón, Héctor O..
942 _cBK
_2udc